00295nam a2200133Ia 4500003000400000008004100004100002200045245003200067260001600099260000900115300000800124942001200132999001700144SEM141116s9999 xx 000 0 und d aNavasargian Alice aArmenian women of the stage aCalifornia  c1999 a303 2udccBK c55672d55672